| 000 | 00531nam a2200229Ia 4500 | ||
|---|---|---|---|
| 003 | 0100 | ||
| 008 | 130303s9999 xx 000 0 und d | ||
| 020 | _a824511840 | ||
| 040 | _cARRUPELIB | ||
| 050 | _aBX2350.2.N6721992 | ||
| 100 | _aNouwen, Henri J.M | ||
| 245 | _aLife of the beloved | ||
| 245 | _bspiritual living in a circular world | ||
| 260 | _aNew York | ||
| 260 | _bCrossroad | ||
| 260 | _C1992 | ||
| 300 | _a119 p. | ||
| 300 | _b 21 cm | ||
| 650 | _bHoly, The | ||
| 700 | _aHenri J.M. Nouwen | ||
| 942 | 0 | 0 | _01 |
| 999 |
_c9942 _d9942 |
||